000 01064cam a2200313 4500
001 J125107
008 040211n2003 000 0 eng u
035 _a(Sirsi) u125107
041 _aeng
050 _a332.6324
_c18
100 _aMaxted, Bill
245 4 _aThe UK commercial property lending market
_bmid-year 2003
260 _aLeicester
_bDe Montfort University
_c2003
300 _avii, 31p.
_c30cm.
350 _a10
490 _aDe Montfort University UK Commercial Property Lending Market
_v2003
520 _aThis mid-year report analyses the lending activity of the major commercial property lenders operating within the UK during the first two quarters of 2003.
650 _aPROPERTY MARKET
650 _aLENDING MARKET
650 _aINVESTMENT
650 _aBUILDING SOCIETIES
650 _aBANKS
650 _aFINANCE
650 _aLOAN TO VALUE RATIOS
690 _aPROPERTY-COMMERCIAL PROPERTY-COMMERCIAL PROPERTY FINANCE AND INVESTMENT
700 _aPorter, Trudi
710 _aDe Montfort University
_92410
942 _n0
999 _c103339
_d103339